El recurso de protección: orígenes, doctrina y jurisprudencia
Guardat en:
| Autor principal: | |
|---|---|
| Format: | Llibre |
| Idioma: | espanyol |
| Publicat: |
Santiago
Jurídica de Chile
1982
|
| Matèries: | |
| Etiquetes: |
Afegir etiqueta
Sense etiquetes, Sigues el primer a etiquetar aquest registre!
|
MARC
| LEADER | 00000nam a2200000 a 4500 | ||
|---|---|---|---|
| 001 | UCV2043 | ||
| 003 | CL-VaPUC | ||
| 008 | 910927e19820000CL |||||||||||||||||spa|d | ||
| 082 | 0 | 4 | |a 342.08 |b SOT |2 21 |
| 100 | 0 | |a Soto Kloss, Eduardo |e author |9 296251 | |
| 245 | 1 | 3 | |a El recurso de protección: orígenes, doctrina y jurisprudencia |
| 300 | |a 582 p | ||
| 942 | |c BK | ||
| 945 | |d 19910927 00:00:00 | ||
| 260 | |a Santiago |b Jurídica de Chile |c 1982 | ||
| 650 | 0 | |a Recurso de protección |9 255487 | |
| 651 | 7 | |a CHILE |2 CL-VaPUC |9 296252 | |
| 583 | |a last modification |c 19910927 00:00:00 |k Rodrigo Vera | ||
| 999 | |c 209734 |d 209732 | ||
| 952 | |0 0 |1 0 |4 0 |6 342_080000000000000_SOT_1982 |7 0 |8 A |9 185414 |a BIBDER |b BIBDER |d 2019-11-14 |i 2529068 |l 4 |m 4 |o 342.08 SOT 1982 |p 2529068 |r 2024-07-04 |s 2024-07-02 |w 2019-11-14 |y BK |k DER | ||
| 952 | |0 0 |1 0 |4 0 |6 342_080000000000000_SOT_1982 |7 0 |8 A |9 185415 |a BIBDER |b BIBDER |d 2019-11-14 |i 2529076 |l 1 |o 342.08 SOT 1982 |p 2529076 |r 2023-01-25 |s 2022-11-17 |w 2019-11-14 |y BK |k DER | ||